| 000 | 00879nam a2200265 a 4500 | ||
|---|---|---|---|
| 008 | |||
| 020 | _a1405100044 (cased) | ||
| 049 | _aMAIN | ||
| 090 |
_aTH153 _bBUI |
||
| 245 | 1 | 0 |
_aBuildings, culture and environment : _binforming local and global practices / _cedited by Raymond J. Cole and Richard Lorch. |
| 260 |
_aOxford : _bBlackwell Publishing, _c2003. |
||
| 300 |
_axii, 404 p. : _bill. ; _c25 cm. |
||
| 500 | _aIncludes index. | ||
| 504 | _aIncludes bibliographical references. | ||
| 650 | _aSustainable architecture. | ||
| 650 | _aArchitecture and society. | ||
| 650 | _aConstruction industry - Appropriate technology. | ||
| 700 | 1 | _aCole, Raymond J. | |
| 700 | 1 | _aLorch, Richard. | |
| 907 |
_a.b10133847 _b29-03-22 _c23-08-04 |
||
| 003 | |||
| 005 | 20230123133813.0 | ||
| 040 | _cNUST | ||
| 942 |
_cBOOKS _kTH153 _mBUI |
||
| 999 |
_c154901 _d154901 |
||